Vyvolané investície z hľadiska účtovníctva a dane z pridanej hodnoty

Najvyšší kontrolný úrad Slovenskej republiky sa v roku 2023 zaoberal témou vyvolaných investícií a obcí, VÚC v rámci plánovania kontrol zameraných na majetok, hospodárenie subjektov územnej samosprávy. Pri tejto téme spolupracoval s Ministerstvom financií SR a Finančnou správou SR.

Saved in:
Bibliographic Details
Main Author: Marcin Jakubíková, Hana
Format: Book Chapter
Language:Slovak
Subjects:
Tags: Add Tag
No Tags, Be the first to tag this record!

MARC

LEADER 00000naa a2200000 4500
001 0303496
005 20240809102836.7
041 0 |a slo 
044 |a SK 
245 1 0 |a Vyvolané investície z hľadiska účtovníctva a dane z pridanej hodnoty  |c Hana Marcin Jakubíková 
520 |a Najvyšší kontrolný úrad Slovenskej republiky sa v roku 2023 zaoberal témou vyvolaných investícií a obcí, VÚC v rámci plánovania kontrol zameraných na majetok, hospodárenie subjektov územnej samosprávy. Pri tejto téme spolupracoval s Ministerstvom financií SR a Finančnou správou SR. 
610 2 0 |a účtovníctvo 
610 2 0 |a dane 
610 2 0 |a hodnota pridaná 
610 2 0 |a investície 
610 2 0 |a obce 
610 2 0 |a majetok 
610 2 0 |a správa finančná 
610 2 0 |a samospráva 
100 1 |a Marcin Jakubíková, Hana